[Event "WchT Amateur"]
[Site "Kaunas"]
[Date "2016.11.22"]
[Round "3.4"]
[White "Sarwary, Hamidullah"]
[Black "Marcinkeviciene, Egle"]
[Result "1-0"]
[WhiteElo "1851"]
[BlackElo "1581"]
[PlyCount "221"]
[EventDate "2016.11.20"]
[EventType "team-swiss"]
[EventRounds "9"]
[EventCountry "LTU"]
[SourceTitle "CBM 175 Extra"]
[Source "ChessBase"]
[SourceDate "2016.12.12"]
[SourceVersion "1"]
[SourceVersionDate "2016.12.12"]
[SourceQuality "1"]
[WhiteTeam "Afghanistan"]
[BlackTeam "Lithuania Margiris (W)"]
[WhiteTeamCountry "AFG"]
[BlackTeamCountry "LTU"]

1. d4 d5 2. Nf3 c6 3. Bf4 Nf6 4. h3 Bf5 5. e3 e6 6. Nbd2 Nbd7 7. c4 c5 8. Be2 cxd4 9. exd4 dxc4 10. 0-0 Be7 11. Nxc4 0-0 12. Nd6 Be4 13. Nxe4 Nxe4 14. d5 Ndc5 15. dxe6 Nxe6 16. Be3 a6 17. Qxd8 Rfxd8 18. Rfd1 Rac8 19. Rxd8+ Bxd8 20. Rd1 Nf6 21. Nd4 Nxd4 22. Bxd4 Kf8 23. Bf3 Rc2 24. Bxb7 a5 25. a3 Be7 26. Bf3 Nd7 27. Rb1 Rc7 28. b4 axb4 29. axb4 Rc4 30. Be3 Rxb4 31. Rc1 g6 32. Rc7 Ne5 33. Bh6+ Ke8 34. Be2 Kd8 35. Rc1 Rb2 36. Kf1 Rb6 37. Bd2 Kd7 38. Ba5 Rb7 39. f4 Nc6 40. Bd2 Rb2 41. Be3 f6 42. f5 Rb3 43. fxg6 hxg6 44. Kf2 Ne5 45. Rd1+ Kc6 46. Rd2 Rb4 47. g3 g5 48. Bf1 Rb3 49. Bg2+ Kc7 50. Bd5 Ra3 51. Be6 Nd3+ 52. Ke2 Nc1+ 53. Kf2 Nd3+ 54. Kg1 Bb4 55. Rd1 Bc5 56. Bxc5 Nxc5 57. Rc1 Kd6 58. Bc8 Rxg3+ 59. Kh2 Re3 60. Rf1 Ne4 61. Rd1+ Ke5 62. Kg2 f5 63. Ra1 Nd6 64. Bd7 Rd3 65. Ra5+ Kf4 66. Bc6 Rd2+ 67. Kg1 Ne4 68. Ra4 Rd1+ 69. Kg2 Rd2+ 70. Kg1 Ke3 71. Ra3+ Rd3 72. Ra5 f4 73. Re5 Rd4 74. Bxe4 Rxe4 75. Rxg5 f3 76. Rf5 Ra4 77. Re5+ Kd4 78. Re8 Ra2 79. h4 Ra5 80. Kf2 Rh5 81. Ra8 Kc4 82. Kxf3 Rf5+ 83. Kg4 Rf1 84. Rd8 Rg1+ 85. Kf5 Rh1 86. Kg5 Rg1+ 87. Kh6 Kc5 88. h5 Kc6 89. Kh7 Kc7 90. Rd2 Rg5 91. h6 Rh5 92. Kg6 Rh1 93. Rd5 Kc6 94. Rg5 Kd6 95. Kg7 Ke6 96. h7 Rxh7+ 97. Kxh7 Kd6 98. Kg6 Ke6 99. Rg3 Ke5 100. Kg5 Ke4 101. Rg4+ Ke5 102. Rf4 Kd5 103. Kf5 Kd6 104. Rd4+ Kc5 105. Ke5 Kc6 106. Rd5 Kc7 107. Rd6 Kb7 108. Kd5 Kc7 109. Kc5 Kb7 110. Rd7+ Ka6 111. Rh7 1-0

[Event "LTU-chT (Women)"]
[Site "Vilnius"]
[Date "2016.01.24"]
[Round "2.1"]
[White "Berzina, Ilze"]
[Black "Marcinkeviciene, Egle"]
[Result "1-0"]
[WhiteElo "2206"]
[BlackElo "1615"]
[PlyCount "89"]
[EventDate "2016.01.23"]
[EventType "team-swiss"]
[EventRounds "7"]
[EventCountry "LTU"]
[SourceTitle "EXT 2017"]
[Source "ChessBase"]
[SourceDate "2016.10.25"]
[SourceVersion "1"]
[SourceVersionDate "2016.10.25"]
[SourceQuality "1"]
[WhiteTeam "Kaunas Margiris (W)"]
[BlackTeam "Kaunas Margiris (W) III"]
[WhiteTeamCountry "LTU"]
[BlackTeamCountry "LTU"]

1. d4 d5 2. c4 e6 3. Nf3 Nf6 4. g3 Be7 5. Bg2 0-0 6. 0-0 Nbd7 7. Nc3 c6 8. b3 b6 9. Bb2 Bb4 10. a3 Bxc3 11. Bxc3 Ne4 12. Bb2 f5 13. e3 Ng5 14. Ne5 Qc7 15. cxd5 Nxe5 16. dxe5 cxd5 17. Rc1 Qd7 18. Qd3 Bb7 19. h3 Ne4 20. b4 a5 21. Qd4 axb4 22. axb4 Qb5 23. Rc7 Bc6 24. g4 g6 25. gxf5 gxf5 26. Qd1 Rf7 27. Rxf7 Kxf7 28. Kh2 Qxb4 29. Qh5+ Kg8 30. Bxe4 Qxb2 31. Qg5+ Kf8 32. Qf6+ Ke8 33. Qxe6+ Kf8 34. Qf6+ Ke8 35. Qxc6+ Ke7 36. Qb7+ Kd8 37. Qxa8+ Kc7 38. Qxd5 fxe4 39. Qd6+ Kb7 40. Qd4 Qe2 41. Qxe4+ Kb8 42. Kg2 h5 43. Ra1 Qb2 44. Qa8+ Kc7 45. Ra7# 1-0

[Event "EU Amateur-ch (Women)"]
[Site "Kaunas"]
[Date "2015.08.14"]
[Round "7"]
[White "Marcinkeviciene, Egle"]
[Black "Ivaskeviciute, Agne"]
[Result "1-0"]
[WhiteElo "1665"]
[BlackElo "1320"]
[PlyCount "61"]
[EventDate "2015.08.09"]
[EventType "swiss"]
[EventRounds "9"]
[EventCountry "LTU"]
[SourceTitle "CBM 167 Extra"]
[Source "ChessBase"]
[SourceDate "2015.09.14"]
[SourceVersion "1"]
[SourceVersionDate "2015.09.14"]
[SourceQuality "1"]

1. d4 Nf6 2. c4 g6 3. Nc3 Bg7 4. e4 d6 5. f3 0-0 6. Bg5 Nbd7 7. Qd2 Re8 8. Bh6 Bh8 9. Bd3 e5 10. d5 a5 11. h4 Nh5 12. Nge2 Nc5 13. Bc2 Ng7 14. g4 Bd7 15. Ng3 Qe7 16. h5 Qf6 17. Qe3 Qe7 18. 0-0-0 Reb8 19. hxg6 fxg6 20. Rh2 Ne8 21. Rdh1 Bf6 22. Qd2 g5 23. Nf5 Qd8 24. Rh5 Bxf5 25. gxf5 Ng7 26. Bxg7 Kxg7 27. Rxh7+ Kg8 28. Qh2 Bg7 29. Qh5 Nd7 30. Qg6 Qe7 31. Rh8# 1-0

[Event "Olympiad Women-41"]
[Site "Tromsoe"]
[Date "2014.08.02"]
[Round "1.4"]
[White "Marcinkeviciene, Egle"]
[Black "Berhe, Azeb Asmelash"]
[Result "1/2-1/2"]
[WhiteElo "1675"]
[BlackElo "1464"]
[PlyCount "113"]
[EventDate "2014.08.02"]
[EventType "team-swiss"]
[EventRounds "11"]
[EventCountry "NOR"]
[SourceTitle "CBM 162"]
[Source "ChessBase"]
[SourceDate "2014.09.17"]
[SourceVersion "1"]
[SourceVersionDate "2014.09.17"]
[SourceQuality "1"]
[WhiteTeam "ICCD (W)"]
[BlackTeam "Ethiopia (W)"]
[BlackTeamCountry "ETH"]

1. d4 d5 2. Nf3 e6 3. c4 Nf6 4. Nc3 c5 5. Bg5 Be7 6. e3 Nc6 7. cxd5 Nxd5 8. Bxe7 Ndxe7 9. dxc5 Qa5 10. Be2 Qxc5 11. 0-0 0-0 12. Rc1 Rd8 13. Qc2 Nd5 14. Ng5 Nf6 15. Nge4 Nxe4 16. Qxe4 f5 17. Qh4 Qe7 18. Qxe7 Nxe7 19. Rfd1 Rf8 20. Nb5 a6 21. Nc7 Rb8 22. Bc4 Rf6 23. Rd8+ Kf7 24. Ne8 Nc6 25. Nxf6 Nxd8 26. Rd1 b5 27. Bb3 Kxf6 28. Rxd8 Ke7 29. Rd2 Rb6 30. Kf1 Bb7 31. f3 Rd6 32. Rc2 Kd7 33. Ke2 a5 34. a4 bxa4 35. Bxa4+ Bc6 36. Bxc6+ Rxc6 37. Kd2 a4 38. Rc3 Rd6+ 39. Kc2 Rc6 40. Kd2 Kc7 41. Rd3 Rd6 42. Rxd6 Kxd6 43. Kc3 Kc5 44. h3 h5 45. g3 e5 46. g4 fxg4 47. fxg4 h4 48. Kd3 Kb4 49. Kc2 Kc4 50. Kd2 g5 51. Kc2 e4 52. Kd2 Kb3 53. Kc1 a3 54. bxa3 Kxa3 55. Kc2 Kb4 56. Kb2 Kc4 57. Kc2 1/2-1/2

[Event "LTU-chT (Women)"]
[Site "Lithuania"]
[Date "2013.01.20"]
[Round "2"]
[White "Marcinkeviciene, Egle"]
[Black "Sibajeva, Marija"]
[Result "0-1"]
[WhiteElo "1732"]
[BlackElo "1642"]
[PlyCount "106"]
[EventDate "2013.01.19"]
[EventType "team-tourn"]
[EventRounds "7"]
[EventCountry "LTU"]
[SourceTitle "CBM 152 Extra"]
[Source "ChessBase"]
[SourceDate "2013.02.25"]
[SourceVersion "1"]
[SourceVersionDate "2013.02.25"]
[SourceQuality "1"]

1. d4 f5 2. c4 Nf6 3. Nc3 d6 4. g3 g6 5. Bg2 Bg7 6. Bg5 0-0 7. Nf3 Nc6 8. 0-0 Ne4 9. Bc1 e6 10. e3 d5 11. cxd5 exd5 12. Qb3 Kh8 13. Qxd5 Nxc3 14. Qxd8 Ne2+ 15. Kh1 Rxd8 16. Bd2 Ncxd4 17. exd4 Nxd4 18. Bc3 Nxf3 19. Bxg7+ Kxg7 20. Bxf3 c6 21. Rfe1 Kf7 22. Re2 Be6 23. b3 Rd3 24. Bg2 Re8 25. Rae1 Rdd8 26. Kg1 Bd5 27. Rxe8 Rxe8 28. Rxe8 Kxe8 29. Bf1 a5 30. Bd3 b6 31. Kf1 Ke7 32. Ke2 Kd6 33. Kd2 Be4 34. Bc4 Bd5 35. Bd3 b5 36. Kc3 Kc5 37. f4 b4+ 38. Kb2 Kd4 39. Ba6 Ke3 40. a3 Kf3 41. Bc4 Kg2 42. Bxd5+ cxd5 43. axb4 axb4 44. Kc2 Kxh2 45. Kd3 Kxg3 46. Kd4 h5 47. Kxd5 h4 48. Kc5 h3 49. Kxb4 h2 50. Ka5 h1Q 51. b4 Kg4 52. b5 Qb7 53. b6 g5 0-1